Winterreise op. 89 D911 /

Saved in:
Bibliographic Details
Main Author: Schubert, Franz, 1797-1828.
Other Authors: Prégardien, Christoph. (Performer), Staier, Andreas. (Performer), Müller, Wilhelm, 1794-1827.
Format: Audio
Language:German
Published: Hamburg, Ger. : Köln : Teldec ; WDR, p1997.
Subjects:
Tags: Add Tag
No Tags, Be the first to tag this record!
LEADER 01697njm a2200373Ia 4500
001 007764896-X
005 20020606104010.5
008 980427p19971996gw n di ger d
024 1 |a 706301882429 
028 0 2 |a 0630-18824-2  |b Teldec 
028 0 2 |a 18824  |b Teldec 
035 0 |a ocm39019747 
040 |a MAC  |c MAC  |d HLS 
041 0 |d ger  |e engfreger  |h ger  |g engfreger 
090 |a M1621.4.S353  |b W55 1997 
100 1 |a Schubert, Franz,  |d 1797-1828. 
245 1 0 |a Winterreise  |h [sound recording] :  |b op. 89 D911 /  |c Schubert. 
260 |a Hamburg, Ger. :  |b Teldec ;  |a Köln :  |b WDR,  |c p1997. 
300 |a 1 sound disc (73:58) :  |b digital ;  |c 4 3/4 in. 
500 |a Subtitle from notes. 
500 |a Compact disc. 
500 |a Song cycle on poems by Wilhelm Müller. 
500 |a Program notes and song text in English, German and French (35 p.) inserted in container. 
505 0 |a Erste Abteilung: Gute nacht. Die Wetterfahne. Gefrorne Tränen. Erstarrung. Der Lindenbaum. Wasserflut. Auf dem Flusse. Rückblick. Irrlicht. Rast. Frühlingstraum. Einsamkeit. -- Zweite Abteilung: Die Post. Der greise Kopf. Die Krähe. Letzte Hoffnung. Im Dorfe. Der stürmische Morgen. Täuschung. Der Wegweiser. Das Wirtshaus. Mut! Die Nebensonnen. Der Leiermann. 
511 |a Christoph Prégardien, tenor ; Andreas Staier, piano. 
518 |a Recorded Mar. 1996 at Westdeutscher Rundfunk, Köln. 
600 1 0 |a Müller, Wilhelm,  |d 1794-1827  |v Musical settings. 
650 0 |a Songs (High voice) with piano. 
650 0 |a Song cycles. 
700 1 |a Prégardien, Christoph.  |4 prf 
700 1 |a Staier, Andreas.  |4 prf 
700 1 |a Müller, Wilhelm,  |d 1794-1827.  |t Winterreise. 
988 |a 20020608 
906 |0 OCLC